000 01111nam a2200277 i 4500
001 000016813
003 DO-SdBNP
005 20250116163337.0
006 a||||fr|||| 00| 0
007 ta
008 100310e2000 dr ahc 001 0 spa d
040 _aDO-SdBNP
_bspa
_cBNPHU
_erda
082 4 _bR426e
_222
110 1 _aRepública Dominicana.
_bSecretaría de Estado de Educación y Cultura
_918697
245 1 0 _aEducación de personas jóvenes y adultas :
_bun mundo sin exclusiones gestión 1996-2000 /
_cpresentación, Ligia Amada Melo; prólogo, Miriam Camilo Recío; fotografías, Milton González
264 _aSanto Domingo :
_bDirección General de Educación de Adultos,
_c2000.
300 _a126 páginas :
_bIlustraciones, facsímil, retratos. ;
_c28 cm.
336 _2rdacontent
_atexto
_btxt
337 _2rdamedia
_asin mediación
_bn
338 _2rdacarrier
_avolumen
_bnc
590 _aInventariado 2023 / MF
700 1 _aAmada Melo, Ligia,
_epresentación
_937245
700 1 _aCamilo Recío, Miriam,
_eprólogo
_937246
700 1 _aGonzález, Milton,
_efotografía
_983244
942 _2ddc
_cLBS1
999 _c16345
_d16345